| 000 | 00488nam a2200205Ia 4500 | ||
|---|---|---|---|
| 008 | 170918s9999 xx 000 0 und d | ||
| 020 | _a9781416971184 | ||
| 050 | _bG671 2008 | ||
| 100 | _aGormley, Beatrice | ||
| 245 | _aBarack Obama : | ||
| 245 | _bour 44th president / | ||
| 245 | _cBeatrice Gormley. | ||
| 260 | _aNew York : | ||
| 260 | _bScholastic, | ||
| 260 | _c2008 | ||
| 300 | _a168 pages : | ||
| 300 | _bcolored illustration ; | ||
| 300 | _c19cm. | ||
| 500 | _a1100 | ||
| 999 |
_c342385 _d342385 |
||